Grilled Food - Sudden Death - Statistics

General Stats
  • This quiz has been taken 139 times
  • The average score is 4 of 16
Answers on the Grid
Answers color-coded by a green-red scale on the quiz's grid according to % correct below.
Yakitori
Shashlik
Galbi-gui
Pig roast
Shish taouk
Sosatie
Poutine
Shrimp tempura
Ratatouille
Ginataang kalabasa
Fish and chips
Mettbrötchen
Antikristo
Texas-style BBQ ribs
Beef satay
Souvlaki
Piri piri chicken / Peri peri chicken
Minestrone
Fårikål
Steak tartare
Guacamole
Snezhanka
Chankonabe
Gradele
Char siu
Salchicha parrillera
Khorkhog
Chinchulines a la parilla
 
Answer Stats
Answer % Correct
Texas-style BBQ ribs
67%
Pig roast
57%
Beef satay
42%
Piri piri chicken / Peri peri chicken
40%
Char siu
33%
Souvlaki
33%
Yakitori
31%
Shish taouk
27%
Salchicha parrillera
22%
Chinchulines a la parilla
21%
Shashlik
21%
Galbi-gui
18%
Khorkhog
11%
Sosatie
11%
Antikristo
9%
Gradele
2%
No matching quizzes found
Score Distribution
Percent of People with Each Score
Percentile by Number Answered
Your Score History
You have not taken this quiz